00763naa a2200253 a 450000100080000000500110000800800410001910000230006024500870008326000090017065300420017965300150022165300260023665300170026270000240027970000190030370000240032270000160034670000130036270000190037570000240039470000180041877300730043610762812011-05-09 2011 bl uuuu u00u1 u #d1 aFONTOURA, R. de A. aRiz??bios nativos do Rio Grande do Sul simbioticamente eficientes em Lotus glaber. c2011 aFixa????o simbi??tica do nitrog??ncio aInoculante aLeguminosa forrageira aLotus glaber1 aFRIZZO, M.L. dos S.1 aS??, E.L.S. de1 aOS??RIO FILHO, B.D.1 aTONON, B.C.1 aBINZ, A.1 aSILVA, M.C. da1 aCAMARGO, F.A. de O.1 aSELBACH, P.A. tCi??ncia Rural, Santa Maria, RSgv. 41, n. 3, p. 440-446, mar. 2011.